000
00309nam a2200133Ia 4500
008
150201s2009 xx 000 0 und d
082
_a
617.96
_b
C09T
100
_a
TEMPE,DEEPAK K
245
_a
CARDIAC ANAESTHESIA
250
_a
2ND
260
_b
CBS
_a
DELHI
_c
2009
650
_a
ANAESTHESIOLOGY
942
_2
ddc
_c
BK
999
_c
961
_d
961